000 00659nam a2200229Ia 4500
005 20250508163718.0
008 008 250505s9999 xx 000 0 eng d
020 _a0-02-323551-9
037 _aReference
040 _aFEDL
_beng
_cFEDL
041 _aeng
_2eng
084 _a507.1273, COL/RR
_qFEDL
100 _aCollette Alfred T
245 0 _aScience instruction in the middle and secondary schools
250 _a3
260 _aNew York, USA
_bMerrill
_c1994
300 _axii; 514 p.
650 _aScience education
700 _a Chiappetta Eugene L
_9776070
942 _cREF
_h507.1273, COL/RR
999 _c1384850
_d1384850